Fr. Conceicao Rodrigues College of Engineering

Mechanical Engineering T.Y.S (Record no. 27712)

MARC details
000 -LEADER
fixed length control field 00301nam a2200133Ia 4500
082 ## - DEWEY DECIMAL CLASSIFICATION NUMBER
Classification number 670.4
100 ## - MAIN ENTRY--PERSONAL NAME
Personal name Peatfield/A.E
245 ## - TITLE STATEMENT
Title Mechanical Engineering T.Y.S
260 ## - PUBLICATION, DISTRIBUTION, ETC.
Name of publisher, distributor, etc. English Universities
Place of publication, distribution, etc. London
Date of publication, distribution, etc. 1967
300 ## - PHYSICAL DESCRIPTION
Extent 185
546 ## - LANGUAGE NOTE
Language note ENGLISH
654 ## - SUBJECT ADDED ENTRY--FACETED TOPICAL TERMS
Focus term Engineering T.Y.S
942 ## - ADDED ENTRY ELEMENTS (KOHA)
Koha item type BOOK
Holdings
Withdrawn status Lost status Damaged status Not for loan Collection Home library Current library Date acquired Cost, normal purchase price Inventory number Total Checkouts Full call number Barcode Date last seen Cost, replacement price Price effective from Koha item type
        AFT Fr. Agnel's C.Rodrigues College of Engineering Fr. Agnel's C.Rodrigues College of Engineering 17/03/2023 7.50 T-258   670.4 AFT1288 17/03/2023 7.50 17/03/2023 BOOK